Word Ladder: You Don't Wanna Call Nobody Else Quiz Stats

 Plays Quiz Updated Jul 16, 2020

     
Support Sporcle.
Go Orange.
Score 0/36 Timer 05:00
0 Plays Today
Hint Answer % Correct
Ice skating surfaceRINK
96.9%
⋆ Opposite of 'this' ⋆THAT
95.1%
Strip of leather worn around waistBELT
93.9%
Recommended quantity of medicineDOSE
93.7%
⋆ Misplace ⋆LOSE
93.4%
Second Greek letterBETA
93.2%
⋆ Name shared by singers Astley and Springfield ⋆RICK
93.2%
Talk in a friendly wayCHAT
93.1%
Complete, overDONE
93%
Award-winning ABC dramaLOST
92.4%
Outer skin of a citrusRIND
92.4%
Layer of paintCOAT
92.2%
Price of a good for saleCOST
92%
Main rhythmic unit in music or poetryBEAT
91.5%
'Dracula' actor LugosiBELA
91.4%
Twisted, shaped out of placeBENT
90.6%
Site for depositing garbageDUMP
90.6%
Mammary glandTEAT
90.5%
Hint Answer % Correct
Past participle of 'be'BEEN
90.4%
Anti-animal abuse organizationPETA
90.2%
IdioticDUMB
89.9%
BelchBURP
89.4%
Speed or baby follower?BUMP
89.2%
⋆ Contraction warning against ⋆DON'T
89%
⋆ Deprived of feeling or sensation ⋆NUMB
88.2%
Harvey of Batman fameDENT
87.4%
Dwight Schrute cropBEET
86.7%
Tear to pieces; rip apartREND
83.8%
Adidas rival?PUMA
78.2%
Velvet Underground frontman LouREED
75.8%
⋆ Infamous politician Aaron ⋆BURR
75.7%
Having eagerness or enthusiasmKEEN
75.7%
When doubled, a 2004 internet memeNUMA
73%
Second half of '80s female hip-hop duoPEPA
70.6%
Chrysalis or cocoonPUPA
69.4%
⋆ 'Lil' rap artist known for hit 'Nameless' ⋆KEED
65.1%

Today's Daily Dose

Word Ladder
Movies of 1989

Quick Pick
'Hard' at It

Get the Picture
Fictional Clowns

From the Vault

Movies of 1972

by El_Dandy

Movies 6m
It was a long time ago, but many of these still hold up.
Remove Ads.
Support Sporcle.
Get the best of Sporcle when you Go Orange. This ad-free experience offers more features, more stats, and more fun while also helping to support Sporcle. Thank you for becoming a member.

Show Comments

Extras

Top Quizzes Today


Score Distribution

Your Account Isn't Verified!

In order to create a playlist on Sporcle, you need to verify the email address you used during registration. Go to your Sporcle Settings to finish the process.

Report this User

Report this user for behavior that violates our Community Guidelines.

Details: